[Event "2FoglarVeterans_GM_A"]
[Site "?"]
[Date "2006.??.??"]
[Round "?"]
[White "Olsen, Svein (NOR)"]
[Black "Sykora, Josef"]
[Result "1/2-1/2"]
[WhiteElo "2428"]
[BlackElo "2414"]
[PlyCount "47"]
[EventDate "2006.??.??"]
[EventType "corr"]

1. d4 d5 2. c4 c6 3. Nc3 e6 4. e4 dxe4 5. Nxe4 Bb4+ 6. Nc3 c5 7. Nf3 Nf6 8. Be2
Nc6 9. a3 Ba5 10. dxc5 Qxd1+ 11. Bxd1 Ne4 12. Bd2 Bxc3 13. Bxc3 Nxc3 14. bxc3
Ke7 15. Rb1 Rb8 16. Rb2 Bd7 17. Ba4 Ne5 18. Nxe5 Bxa4 19. Rb4 Be8 20. f4 f6 21.
Nf3 Bd7 22. Kd2 a5 23. Rb6 Rhc8 24. Nd4 1/2-1/2

[Event "2FoglarVeterans_GM_A"]
[Site "?"]
[Date "2006.??.??"]
[Round "?"]
[White "Rufenacht, Matthias (SUI)"]
[Black "Helbich, Jan (SVK)"]
[Result "1/2-1/2"]
[WhiteElo "2387"]
[BlackElo "2452"]
[PlyCount "41"]
[EventDate "2006.??.??"]
[EventType "corr"]

1. e4 c5 2. Nf3 d6 3. Nc3 Nf6 4. e5 dxe5 5. Nxe5 a6 6. g3 Nbd7 7. d4 e6 8. Bg2
cxd4 9. Qxd4 Nxe5 10. Qxe5 Bd6 11. Qe2 O-O 12. Bg5 Be7 13. O-O Qb6 14. Rab1 Bd7
15. Ne4 Nd5 16. Bxe7 Nxe7 17. c4 Bc6 18. Rfd1 Rad8 19. b4 Nf5 20. a3 Qc7 21. c5
1/2-1/2

[Event "2FoglarVeterans_GM_A"]
[Site "?"]
[Date "2006.??.??"]
[Round "?"]
[White "Helbich, Jan (SVK)"]
[Black "Olsen, Svein (NOR)"]
[Result "1-0"]
[WhiteElo "2452"]
[BlackElo "2428"]
[PlyCount "93"]
[EventDate "2006.??.??"]
[EventType "corr"]

1. e4 c5 2. Nf3 d6 3. d4 cxd4 4. Nxd4 Nf6 5. Nc3 a6 6. Be3 e5 7. Nb3 Be7 8. f3
Be6 9. Qd2 O-O 10. O-O-O Qc7 11. g4 b5 12. g5 b4 13. gxf6 bxc3 14. Qxc3 Qxc3
15. bxc3 Bxf6 16. Rxd6 Be7 17. Rb6 Ba3+ 18. Kd2 Rc8 19. Rg1 a5 20. Bb5 g6 21.
Rb1 a4 22. Nc1 Rd8+ 23. Nd3 Nd7 24. Rc6 Kg7 25. c4 Be7 26. Rc7 Bd6 27. Rb7 Rac8
28. Bxa4 Nc5 29. Bxc5 Bxc5 30. Bb3 Kf6 31. a4 Rc6 32. a5 Ra6 33. Ra1 h5 34. Rb5
Rc6 35. a6 Bd4 36. c3 Ba7 37. c5 Bxb3 38. Rxb3 Rxc5 39. Rb7 Rxc3 40. Kxc3 Bd4+
41. Kc4 Bxa1 42. a7 Ra8 43. f4 exf4 44. Nxf4 Ke5 45. Nd5 Kxe4 46. Nb6 Rxa7 47.
Rxa7 1-0

[Event "2FoglarVeterans_GM_A"]
[Site "?"]
[Date "2006.??.??"]
[Round "?"]
[White "Rufenacht, Matthias (SUI)"]
[Black "Olsen, Svein (NOR)"]
[Result "1/2-1/2"]
[WhiteElo "2387"]
[BlackElo "2428"]
[PlyCount "43"]
[EventDate "2006.??.??"]
[EventType "corr"]

1. e4 c5 2. Nf3 Nc6 3. d4 cxd4 4. Nxd4 Nf6 5. Nc3 e5 6. Ndb5 d6 7. Bg5 a6 8.
Na3 b5 9. Nd5 Be7 10. Bxf6 Bxf6 11. c3 O-O 12. Nc2 Rb8 13. h4 Be7 14. a3 f5 15.
exf5 Bxf5 16. Nce3 Qd7 17. Bd3 Bxd3 18. Qxd3 Bd8 19. Nb4 Nxb4 20. axb4 Bb6 21.
O-O Ra8 22. Rad1 1/2-1/2

[Event "2FoglarVeterans_GM_A"]
[Site "?"]
[Date "2006.??.??"]
[Round "?"]
[White "Olsen, Svein (NOR)"]
[Black "Ciesielski, Stefan (POL)"]
[Result "1/2-1/2"]
[WhiteElo "2428"]
[BlackElo "2571"]
[PlyCount "66"]
[EventDate "2006.??.??"]
[EventType "corr"]

1. d4 Nf6 2. Bg5 Ne4 3. Bf4 c5 4. f3 Qa5+ 5. c3 Nf6 6. d5 Qb6 7. b3 e6 8. e4
exd5 9. exd5 Bd6 10. Bg5 Be7 11. Bc4 d6 12. Ne2 Nbd7 13. O-O O-O 14. a4 Qd8 15.
Ng3 Nb6 16. Bxf6 Bxf6 17. Qd3 Nxc4 18. Qxc4 Bh4 19. Na3 Bxg3 20. hxg3 Qg5 21.
Qf4 Qxd5 22. Nc4 Qd3 23. Rac1 Be6 24. Rfd1 Qg6 25. Na5 Qh5 26. Rxd6 Rab8 27. b4
h6 28. g4 Qh4 29. bxc5 Rfe8 30. Rcd1 Rbc8 31. Qd4 b6 32. cxb6 axb6 33. Rxb6
Rcd8 1/2-1/2

[Event "2FoglarVeterans_GM_A"]
[Site "?"]
[Date "2006.??.??"]
[Round "?"]
[White "Ward, Richard (ENG)"]
[Black "Olsen, Svein (NOR)"]
[Result "0-1"]
[WhiteElo "2415"]
[BlackElo "2428"]
[PlyCount "112"]
[EventDate "2006.??.??"]
[EventType "corr"]

1. e4 c5 2. Nf3 d6 3. d4 Nf6 4. Nc3 cxd4 5. Nxd4 a6 6. Be3 e5 7. Nb3 Be6 8. f3
Nbd7 9. g4 Nb6 10. g5 Nh5 11. Qd2 Be7 12. O-O-O Rc8 13. Kb1 O-O 14. Rg1 Qc7 15.
Qf2 Nc4 16. Bxc4 Bxc4 17. Na4 b5 18. Nb6 Rb8 19. Nd5 Bxd5 20. Rxd5 a5 21. Qd2
a4 22. Nc5 Qc8 23. Nd3 f5 24. a3 Qc4 25. Qg2 g6 26. Re1 Rf7 27. Nb4 fxe4 28.
fxe4 Rbf8 29. Rd2 Rf1 30. Rdd1 Rxe1 31. Rxe1 Nf4 32. Bxf4 exf4 33. Nd5 Bd8 34.
h4 f3 35. Qf2 Qc5 36. Qd2 Qc8 37. Ne3 Qe6 38. Nd1 Bb6 39. Qd3 f2 40. Rf1 Qc4
41. Nc3 Rf3 42. Qxc4+ bxc4 43. Kc1 Bd4 44. Nb5 Be3+ 45. Kd1 Rf4 46. Nxd6 c3 47.
bxc3 Rxh4 48. e5 Bc5 49. c4 Rg4 50. c3 Rg1 51. Ke2 Rxf1 52. Kxf1 Bxa3 53. Ne4
Bb2 54. Nc5 a3 55. Kxf2 Bxc3 56. Ke3 Bxe5 0-1

[Event "2FoglarVeterans_GM_A"]
[Site "?"]
[Date "2006.??.??"]
[Round "?"]
[White "Helbich, Jan (SVK)"]
[Black "Brousek, Jiri"]
[Result "0-1"]
[WhiteElo "2452"]
[BlackElo "2353"]
[PlyCount "74"]
[EventDate "2006.??.??"]
[EventType "corr"]

1. e4 e6 2. d4 d5 3. e5 c5 4. c3 Qb6 5. Nf3 Nc6 6. a3 cxd4 7. cxd4 Nh6 8. b4
Nf5 9. Bb2 Bd7 10. g4 Nfe7 11. Nc3 Ng6 12. h4 h5 13. g5 Na5 14. Nd2 Nc4 15.
Nxc4 dxc4 16. Rh3 Rc8 17. Ne4 Be7 18. Nc5 Bb5 19. Qd2 Bxc5 20. dxc5 Qc6 21. Rd1
b6 22. cxb6 axb6 23. Qd6 Qb7 24. Bc1 Ba4 25. Rd2 Ne7 26. Qd4 c3 27. Rdd3 O-O
28. Qf4 Bb5 29. Qf3 Qa6 30. Qxh5 c2 31. Qf3 Rfd8 32. h5 Nf5 33. Qe4 Bxd3 34.
Rxd3 Rxd3 35. Bxd3 Qa4 36. g6 fxg6 37. hxg6 Qb3 0-1

[Event "2FoglarVeterans_GM_A"]
[Site "?"]
[Date "2006.??.??"]
[Round "?"]
[White "Rufenacht, Matthias (SUI)"]
[Black "Bures, Jilji"]
[Result "1/2-1/2"]
[WhiteElo "2387"]
[BlackElo "2439"]
[PlyCount "70"]
[EventDate "2006.??.??"]
[EventType "corr"]

1. e4 c5 2. Nf3 Nc6 3. d4 cxd4 4. Nxd4 Nf6 5. Nc3 e5 6. Ndb5 d6 7. Bg5 a6 8.
Na3 b5 9. Nd5 Be7 10. Bxf6 Bxf6 11. c3 O-O 12. Nc2 Bg5 13. h4 Bh6 14. g4 Bf4
15. Qf3 Be6 16. Nxf4 exf4 17. Qxf4 Ne5 18. Ne3 b4 19. c4 Qa5 20. b3 Qa3 21. Qg3
Qb2 22. Rd1 Qxa2 23. Nf5 Rfe8 24. Be2 Nxc4 25. Bxc4 Bxc4 26. bxc4 Rxe4+ 27. Ne3
Qxc4 28. Qxd6 Rae8 29. Qd3 Qc7 30. O-O Rxe3 31. fxe3 Qg3+ 32. Kh1 Qh3+ 33. Kg1
Qg3+ 34. Kh1 Qh3+ 35. Kg1 Qg3+ 1/2-1/2

[Event "2FoglarVeterans_GM_A"]
[Site "?"]
[Date "2006.??.??"]
[Round "?"]
[White "Helbich, Jan (SVK)"]
[Black "Ciesielski, Stefan (POL)"]
[Result "1-0"]
[WhiteElo "2452"]
[BlackElo "2571"]
[PlyCount "103"]
[EventDate "2006.??.??"]
[EventType "corr"]

1. e4 d6 2. d4 Nf6 3. Nc3 g6 4. f4 Bg7 5. Nf3 O-O 6. Bd3 Nc6 7. e5 dxe5 8. fxe5
Ng4 9. Be4 f6 10. h3 Nh6 11. Bd5+ Kh8 12. exf6 exf6 13. O-O Qd6 14. Bc4 Nf5 15.
Ne4 Qb4 16. b3 Qb6 17. c3 Re8 18. Nc5 Nd6 19. Nd2 Na5 20. Be2 a6 21. b4 Nc6 22.
Nc4 Qa7 23. Bf4 Bf8 24. Ne3 a5 25. Nd5 axb4 26. Nxc7 bxc3 27. Bxd6 Bxd6 28.
Nxe8 c2 29. Qd3 Nxd4 30. Nxd6 Qxc5 31. Ne4 Qe5 32. Bf3 Bd7 33. Rfe1 Bb5 34. Qc3
Bc6 35. Kh1 Nxf3 36. Qxf3 f5 37. Qc3 Qxc3 38. Nxc3 Ra3 39. Re3 b5 40. Rc1 f4
41. Rd3 b4 42. Rxc2 bxc3 43. Rdxc3 Rxc3 44. Rxc3 Bb5 45. Rc5 Bd7 46. Rc7 Bb5
47. Ra7 Be2 48. a4 f3 49. gxf3 Bxf3+ 50. Kg1 Bc6 51. a5 Bb5 52. a6 1-0

[Event "2FoglarVeterans_GM_A"]
[Site "?"]
[Date "2006.??.??"]
[Round "?"]
[White "Sykora, Josef"]
[Black "Schuster, Peter (GER)"]
[Result "1/2-1/2"]
[WhiteElo "2414"]
[BlackElo "2454"]
[PlyCount "101"]
[EventDate "2006.??.??"]
[EventType "corr"]

1. e4 e5 2. Nf3 Nc6 3. Bb5 a6 4. Ba4 Nf6 5. O-O Nxe4 6. d4 b5 7. Bb3 d5 8. dxe5
Be6 9. Nbd2 Nc5 10. c3 Bg4 11. Bc2 Be7 12. Re1 Qd7 13. Nf1 Rd8 14. Ne3 Bh5 15.
b4 Ne6 16. g4 Bg6 17. Nf5 h5 18. h3 d4 19. Be4 hxg4 20. hxg4 Nb8 21. Bb2 dxc3
22. Bxc3 c5 23. bxc5 Bxc5 24. Ba5 Qxd1 25. Raxd1 Rxd1 26. Rxd1 O-O 27. Kh2 Ba3
28. Bb7 Re8 29. Kg3 Bh7 30. Bd5 Rc8 31. N5d4 Nxd4 32. Nxd4 Rc5 33. Nb3 Bc2 34.
Nxc5 Bxd1 35. Ne4 Be2 36. f4 Kf8 37. Bb7 Bd3 38. Nf2 Bc4 39. Bc7 Nd7 40. Bxa6
f6 41. Ne4 fxe5 42. fxe5 Ke7 43. Nd6 Bxa2 44. Nf5+ Kf7 45. Bxb5 Nc5 46. Bc6 Bc1
47. Bd6 Nd3 48. Be4 Bc4 49. Kg2 Bf4 50. Kf3 Bxe5 51. Bxd3 1/2-1/2

[Event "2FoglarVeterans_GM_A"]
[Site "?"]
[Date "2006.??.??"]
[Round "?"]
[White "Sykora, Josef"]
[Black "Morais, Gustavo (POR)"]
[Result "1/2-1/2"]
[WhiteElo "2414"]
[BlackElo "2365"]
[PlyCount "88"]
[EventDate "2006.??.??"]
[EventType "corr"]

1. e4 c5 2. Nf3 d6 3. d4 cxd4 4. Nxd4 Nf6 5. Nc3 a6 6. f3 e5 7. Nb3 Be6 8. Be3
Be7 9. Qd2 O-O 10. O-O-O Nbd7 11. g4 b5 12. g5 b4 13. Ne2 Ne8 14. f4 a5 15. f5
a4 16. fxe6 axb3 17. exf7+ Rxf7 18. Kb1 bxc2+ 19. Kxc2 Rxa2 20. Nc1 Qc8+ 21.
Kb1 Ra8 22. Bh3 Nc7 23. Qe2 Kh8 24. Rhg1 Bf8 25. g6 hxg6 26. Rxg6 Kg8 27. Rf1
Qa6 28. Rxf7 Qxe2 29. Rfxg7+ Bxg7 30. Nxe2 Nf6 31. Bh6 Nfe8 32. Bxg7 Kf7 33.
Bf5 Nxg7 34. Rxd6 Nce6 35. Rb6 Rh8 36. Rxb4 Rxh2 37. Bg4 Rg2 38. Rb7+ Kf6 39.
Bxe6 Nxe6 40. Nc3 Nc5 41. Rc7 Nb3 42. Nd5+ Ke6 43. Ka2 Nd2 44. Rc6+ Kd7 1/2-1/2

[Event "2FoglarVeterans_GM_A"]
[Site "?"]
[Date "2006.??.??"]
[Round "?"]
[White "Morais, Gustavo (POR)"]
[Black "Rufenacht, Matthias (SUI)"]
[Result "1/2-1/2"]
[WhiteElo "2365"]
[BlackElo "2387"]
[PlyCount "77"]
[EventDate "2006.??.??"]
[EventType "corr"]

1. e4 c5 2. Nf3 Nc6 3. d4 cxd4 4. Nxd4 Nf6 5. Nc3 e5 6. Ndb5 d6 7. Nd5 Nxd5 8.
exd5 Nb8 9. c4 Be7 10. Bd3 O-O 11. O-O a6 12. Nc3 f5 13. a4 Nd7 14. a5 b6 15.
axb6 Qxb6 16. Bc2 e4 17. b3 Nc5 18. Be3 Bd7 19. Na4 Bxa4 20. Rxa4 a5 21. Ra2
Qb4 22. Bd2 Qb6 23. g4 Qd8 24. gxf5 Qd7 25. Rxa5 Rxa5 26. Bxa5 Qxf5 27. f4 Ra8
28. b4 Nd3 29. Qe2 Bd8 30. Bxd3 Qg6+ 31. Qg2 Qxg2+ 32. Kxg2 Bxa5 33. bxa5 exd3
34. Ra1 d2 35. Rd1 Rxa5 36. Rxd2 Ra3 37. Re2 Kf7 38. Re6 Rc3 39. Rxd6 1/2-1/2

[Event "2FoglarVeterans_GM_A"]
[Site "?"]
[Date "2006.??.??"]
[Round "?"]
[White "Olsen, Svein (NOR)"]
[Black "Bauer, Manfred (GER)"]
[Result "1/2-1/2"]
[WhiteElo "2428"]
[BlackElo "2451"]
[PlyCount "73"]
[EventDate "2006.??.??"]
[EventType "corr"]

1. d4 Nf6 2. Bg5 e6 3. Nd2 c5 4. e3 cxd4 5. exd4 Nc6 6. Ngf3 Be7 7. c3 O-O 8.
Bd3 Nd5 9. Bxe7 Qxe7 10. g3 b6 11. O-O Bb7 12. Re1 Nf6 13. Qe2 d6 14. Rad1 Rac8
15. Ng5 h6 16. Nge4 Nh7 17. f4 Qc7 18. Nf3 Rfe8 19. Bb5 Red8 20. a3 Ne7 21. Bd3
Re8 22. Qc2 Nf8 23. Re2 Qd7 24. Rde1 b5 25. Ned2 Nfg6 26. Be4 Bd5 27. Bxd5 Nxd5
28. f5 exf5 29. Rxe8+ Rxe8 30. Rxe8+ Qxe8 31. Qxf5 Nf6 32. Qd3 a6 33. b3 h5 34.
c4 bxc4 35. bxc4 h4 36. Kf2 Qe7 37. Qf5 1/2-1/2

[Event "2FoglarVeterans_GM_A"]
[Site "?"]
[Date "2006.??.??"]
[Round "?"]
[White "Bures, Jilji"]
[Black "Olsen, Svein (NOR)"]
[Result "1/2-1/2"]
[WhiteElo "2439"]
[BlackElo "2428"]
[PlyCount "61"]
[EventDate "2006.??.??"]
[EventType "corr"]

1. e4 c5 2. Nf3 d6 3. d4 cxd4 4. Nxd4 Nf6 5. Nc3 a6 6. Be2 e5 7. Nb3 Be7 8. O-O
O-O 9. Be3 Be6 10. Nd5 Nbd7 11. Qd3 Nxd5 12. exd5 e4 13. Qd2 Bf5 14. Nd4 Bg6
15. a4 Ne5 16. a5 Rc8 17. b3 Bf6 18. c4 Re8 19. Nc2 Qd7 20. Rad1 Qc7 21. Bd4
Bd8 22. Ra1 Qd7 23. Rfe1 Bf6 24. Qc3 Bg5 25. Qg3 Qd8 26. Rad1 Nd3 27. Bxd3 exd3
28. Rxe8+ Qxe8 29. Ne3 Qe7 30. Bc3 h6 31. Qf3 1/2-1/2

[Event "2FoglarVeterans_GM_A"]
[Site "?"]
[Date "2006.??.??"]
[Round "?"]
[White "Bauer, Manfred (GER)"]
[Black "Sage, Francois (FRA)"]
[Result "1/2-1/2"]
[WhiteElo "2451"]
[BlackElo "2454"]
[PlyCount "88"]
[EventDate "2006.??.??"]
[EventType "corr"]

1. e4 e5 2. Nf3 Nf6 3. Nxe5 d6 4. Nf3 Nxe4 5. d4 d5 6. Bd3 Bd6 7. O-O O-O 8. c4
c6 9. Re1 Bf5 10. Qc2 Bg6 11. c5 Bc7 12. Nc3 Nf6 13. Bg5 Nbd7 14. Ne5 Bxd3 15.
Qxd3 Qc8 16. f4 Ba5 17. Qg3 Kh8 18. Nxd7 Nxd7 19. f5 Bd8 20. Be7 Re8 21. Bxd8
Rxe1+ 22. Rxe1 Qxd8 23. Qe3 Kg8 24. Qe7 Qc8 25. h3 Nf6 26. g4 h6 27. Qd6 Qf8
28. Re7 Rd8 29. Qe5 b6 30. b4 bxc5 31. bxc5 Rd7 32. Rxd7 Nxd7 33. Qc7 Qe7 34.
Kf2 Qh4+ 35. Qg3 Qg5 36. Qe3 Qd8 37. Kf3 Qh4 38. Kg2 Qd8 39. Nd1 Nf6 40. Nf2
Qb8 41. Kf3 Qb2 42. h4 Qb1 43. Qb3 Qc1 44. Qe3 Qb1 1/2-1/2

[Event "2FoglarVeterans_GM_A"]
[Site "?"]
[Date "2006.??.??"]
[Round "?"]
[White "Brousek, Jiri"]
[Black "Rufenacht, Matthias (SUI)"]
[Result "1/2-1/2"]
[WhiteElo "2353"]
[BlackElo "2387"]
[PlyCount "124"]
[EventDate "2006.??.??"]
[EventType "corr"]

1. d4 d5 2. Nf3 Nc6 3. e3 Bg4 4. Bb5 e6 5. c4 Nge7 6. cxd5 Qxd5 7. Be2 Qd7 8.
O-O Nd5 9. h3 Bh5 10. Qb3 Na5 11. Qc2 Bg6 12. Qd1 Bd6 13. Nh4 O-O-O 14. Bd2 Nc6
15. Nc3 Kb8 16. Nxd5 exd5 17. Bb5 a6 18. Be2 Be4 19. f3 Bg6 20. Rc1 Bh5 21. Qb3
Ka7 22. Bd3 Ne7 23. f4 f6 24. Bb4 Bg6 25. Bxd6 Qxd6 26. Nxg6 hxg6 27. Qc2 c6
28. Rfe1 f5 29. Qc5+ Qxc5 30. dxc5 Ng8 31. a3 Nf6 32. Kf2 Kb8 33. Red1 Kc7 34.
Kf3 Rd7 35. Bb1 a5 36. Rd4 Re7 37. b3 Ra8 38. Rc3 b6 39. cxb6+ Kxb6 40. b4 Ne4
41. Bxe4 Rxe4 42. bxa5+ Rxa5 43. Rdd3 Rb5 44. Rc2 Kc7 45. g4 Kd6 46. Rg2 Rb7
47. Rc3 Rc4 48. Rd3 Rc1 49. gxf5 gxf5 50. a4 Kc5 51. Ra3 Kb4 52. Rb2+ Kxa3 53.
Rxb7 Kxa4 54. Rxg7 c5 55. Ke2 Kb3 56. Rb7+ Kc4 57. Rf7 Rc2+ 58. Kf3 Rh2 59. Kg3
Re2 60. Kf3 Kd3 61. Rxf5 Rxe3+ 62. Kf2 d4 1/2-1/2

[Event "2FoglarVeterans_GM_A"]
[Site "?"]
[Date "2006.??.??"]
[Round "?"]
[White "Schuster, Peter (GER)"]
[Black "Ciesielski, Stefan (POL)"]
[Result "1-0"]
[WhiteElo "2454"]
[BlackElo "2571"]
[PlyCount "115"]
[EventDate "2006.??.??"]
[EventType "corr"]

1. Nf3 Nf6 2. c4 g6 3. d4 Bg7 4. Nc3 d5 5. cxd5 Nxd5 6. e4 Nxc3 7. bxc3 c5 8.
Rb1 O-O 9. Be2 cxd4 10. cxd4 Qa5+ 11. Bd2 Qxa2 12. O-O Bg4 13. Rxb7 Bxf3 14.
Bxf3 Bxd4 15. Bb4 Rd8 16. Qc1 e5 17. Be7 Re8 18. Bg4 Na6 19. Bf6 Re6 20. Bxe6
Qxe6 21. Bg5 Rc8 22. Qa3 Nc5 23. Re7 Qb3 24. Qxb3 Nxb3 25. Rb1 Nc5 26. Be3 Kf8
27. Rxa7 Bxe3 28. fxe3 Nxe4 29. Rf1 Nd6 30. g4 Ke8 31. g5 Rd8 32. Rd1 Rd7 33.
Ra5 Nc4 34. Ra8+ Ke7 35. Rxd7+ Kxd7 36. Kf2 Ke6 37. e4 Nd6 38. Ra6 Ke7 39. Kf3
Kd7 40. Ra8 Ne8 41. Ke3 Ke7 42. h4 Ng7 43. Kd3 Nh5 44. Rh8 Nf4+ 45. Kc4 Ng2 46.
Rxh7 Kf8 47. h5 gxh5 48. Rxh5 Nf4 49. Rh8+ Ke7 50. Ra8 Kd6 51. Ra5 Ke6 52. Ra7
Nh3 53. Ra6+ Ke7 54. g6 fxg6 55. Kd5 Nf4+ 56. Kxe5 Nd3+ 57. Kd4 Nf4 58. Rb6 1-0

[Event "2FoglarVeterans_GM_A"]
[Site "?"]
[Date "2006.??.??"]
[Round "?"]
[White "Janos, Jozef (SVK)"]
[Black "Sage, Francois (FRA)"]
[Result "1-0"]
[WhiteElo "2395"]
[BlackElo "2454"]
[PlyCount "79"]
[EventDate "2006.??.??"]
[EventType "corr"]

1. d4 Nf6 2. Nf3 d5 3. c4 e6 4. Nc3 Be7 5. Bf4 O-O 6. e3 c5 7. dxc5 Bxc5 8. a3
Nc6 9. Qc2 Qa5 10. Nd2 Be7 11. Bg3 Bd7 12. Be2 Rfc8 13. O-O Qd8 14. Qd3 Na5 15.
cxd5 Nxd5 16. Nxd5 exd5 17. b4 a6 18. Qxd5 Bb5 19. Qxd8+ Rxd8 20. Bxb5 axb5 21.
Bc7 Rxd2 22. bxa5 Bd8 23. Rfc1 Bxc7 24. Rxc7 g6 25. Rxb7 Rxa5 26. g4 h6 27. Kg2
Rb2 28. Kg3 h5 29. Rd1 b4 30. Rd8+ Kg7 31. Rdd7 bxa3 32. Rxf7+ Kg8 33. Rg7+ Kf8
34. Rbf7+ Ke8 35. Ra7 Rxa7 36. Rxa7 a2 37. gxh5 gxh5 38. h4 Re2 39. Kf3 Rb2 40.
e4 1-0

[Event "2FoglarVeterans_GM_A"]
[Site "?"]
[Date "2006.??.??"]
[Round "?"]
[White "Ciesielski, Stefan (POL)"]
[Black "Morais, Gustavo (POR)"]
[Result "0-1"]
[WhiteElo "2571"]
[BlackElo "2365"]
[PlyCount "114"]
[EventDate "2006.??.??"]
[EventType "corr"]

1. c4 e5 2. Nc3 Nf6 3. Nf3 Nc6 4. g3 d5 5. cxd5 Nxd5 6. Bg2 Nb6 7. O-O Be7 8.
a3 O-O 9. b4 Be6 10. d3 a5 11. b5 Nd4 12. Nd2 c6 13. bxc6 Nxc6 14. Rb1 a4 15.
Bxc6 bxc6 16. Qc2 Qc7 17. Nb5 Qb7 18. Nc3 Qc7 19. Nb5 Qc8 20. Na7 Rxa7 21. Rxb6
Ra6 22. Rb1 Ra5 23. Nc4 Rb5 24. Bd2 Qa6 25. Bb4 c5 26. Bd2 e4 27. Rxb5 Qxb5 28.
Rb1 exd3 29. exd3 Qc6 30. Bc3 Bh3 31. f4 Rd8 32. Qe2 Bf8 33. Qe4 Qxe4 34. dxe4
Be6 35. Nb2 Bb3 36. Ra1 c4 37. Kf2 f6 38. Kf3 Kf7 39. g4 g5 40. f5 Bc5 41. h3
Rb8 42. Rb1 Rc8 43. Ra1 h6 44. Nd1 Bxa3 45. Rxa3 Bxd1+ 46. Ke3 Bb3 47. Ra1 Rb8
48. Bd4 Rd8 49. Rh1 a3 50. h4 gxh4 51. Rxh4 a2 52. Rh1 h5 53. gxh5 Bc2 54. Ba1
Rb8 55. Kd2 Rb1 56. Rc1 Bxe4 57. Bd4 Bxf5 0-1

[Event "2FoglarVeterans_GM_A"]
[Site "?"]
[Date "2006.??.??"]
[Round "?"]
[White "Janos, Jozef (SVK)"]
[Black "Schakel, Corky (USA)"]
[Result "1/2-1/2"]
[WhiteElo "2395"]
[BlackElo "2392"]
[PlyCount "77"]
[EventDate "2006.??.??"]
[EventType "corr"]

1. e4 e6 2. d4 d5 3. Nd2 c5 4. exd5 Qxd5 5. Ngf3 cxd4 6. Bc4 Qd6 7. O-O Nf6 8.
Re1 Nc6 9. Ne4 Nxe4 10. Rxe4 Be7 11. Nxd4 e5 12. Bf4 exf4 13. Nxc6 Qxd1+ 14.
Rxd1 bxc6 15. Rde1 Kf8 16. Rxe7 Be6 17. R1xe6 fxe6 18. Rc7 h5 19. Kf1 Rh6 20.
Rxc6 Rd8 21. Bd3 e5 22. Rc7 Re6 23. f3 Re7 24. Rc6 Rb8 25. b3 Rb6 26. Rc8+ Kf7
27. Rd8 Rc7 28. Ke2 Ke7 29. Rh8 Rh6 30. Rg8 Kf7 31. Rd8 h4 32. h3 Ke7 33. Rd5
Rh5 34. b4 Rb7 35. a3 Rd7 36. Ra5 Kd8 37. Kf1 Rg5 38. Rc5 Rc7 39. Rd5+ 1/2-1/2

[Event "2FoglarVeterans_GM_A"]
[Site "?"]
[Date "2006.??.??"]
[Round "?"]
[White "Sykora, Josef"]
[Black "Helbich, Jan (SVK)"]
[Result "0-1"]
[WhiteElo "2414"]
[BlackElo "2452"]
[PlyCount "102"]
[EventDate "2006.??.??"]
[EventType "corr"]

1. e4 c5 2. Nf3 d6 3. d4 cxd4 4. Nxd4 Nf6 5. Nc3 a6 6. f3 Qb6 7. Nb3 e6 8. Qe2
Qc7 9. Be3 b5 10. Qf2 Nbd7 11. O-O-O b4 12. Ne2 Bb7 13. g4 Rc8 14. Ng3 h5 15.
gxh5 d5 16. Rg1 dxe4 17. Nxe4 Nxe4 18. fxe4 Rxh5 19. Bf4 e5 20. Be3 Nf6 21. Bd3
Bxe4 22. Kb1 Rf5 23. Qe2 Bxd3 24. cxd3 Qb7 25. d4 Qb5 26. Qe1 e4 27. h4 Rd8 28.
Ka1 g6 29. Bg5 Be7 30. Bxf6 Bxf6 31. Qxe4+ Kf8 32. h5 Rxh5 33. Rdf1 Re8 34. Qb1
Kg7 35. Rf3 Rh2 36. Rgf1 Re6 37. Nc5 Rc6 38. Nd3 b3 39. a3 Qc4 40. Ne5 Bxe5 41.
dxe5 Rc2 42. Rf6 Rc7 43. R6f3 Rc5 44. Rf4 Qxf4 45. Rxf4 Rc1 46. Re4 g5 47. e6
fxe6 48. Rxe6 Rxb1+ 49. Kxb1 g4 50. Re3 Rg5 51. Rg3 Kg6 0-1

[Event "2FoglarVeterans_GM_A"]
[Site "?"]
[Date "2006.??.??"]
[Round "?"]
[White "Bauer, Manfred (GER)"]
[Black "Rufenacht, Matthias (SUI)"]
[Result "1-0"]
[WhiteElo "2451"]
[BlackElo "2387"]
[PlyCount "99"]
[EventDate "2006.??.??"]
[EventType "corr"]

1. e4 c5 2. Nf3 Nc6 3. d4 cxd4 4. Nxd4 Nf6 5. Nc3 e5 6. Ndb5 d6 7. Bg5 a6 8.
Na3 b5 9. Nd5 Be7 10. Bxf6 Bxf6 11. c3 Bg5 12. Nc2 O-O 13. a4 bxa4 14. Rxa4 a5
15. Bc4 Rb8 16. b3 Kh8 17. Nce3 g6 18. h4 Bxh4 19. g3 Bg5 20. f4 exf4 21. gxf4
Bh4+ 22. Kd2 Ne7 23. Qg1 Nxd5 24. Nxd5 Bb7 25. Qh2 g5 26. fxg5 Bxg5+ 27. Kc2 h6
28. Raa1 Rg8 29. Raf1 Qe8 30. Kd3 Rg6 31. Rf5 Qf8 32. Qf2 f6 33. Nc7 Bc8 34.
Rxa5 Qe7 35. b4 Kh7 36. Ra7 Rg7 37. Rha1 Qe5 38. Be6 Kh8 39. R1a5 Qf4 40. Qxf4
Bxf4 41. Bxc8 Rxc8 42. Nd5 Rg3+ 43. Ke2 Be5 44. b5 Rg2+ 45. Kf3 Rb2 46. b6 Bxc3
47. Ra2 Rxa2 48. Rxa2 Rb8 49. Nxc3 Rxb6 50. Nd5 1-0

[Event "2FoglarVeterans_GM_A"]
[Site "?"]
[Date "2006.??.??"]
[Round "?"]
[White "Helbich, Jan (SVK)"]
[Black "Marusiak, Lech (POL)"]
[Result "1-0"]
[WhiteElo "2452"]
[BlackElo "2460"]
[PlyCount "129"]
[EventDate "2006.??.??"]
[EventType "corr"]

1. e4 c6 2. d4 d5 3. Nc3 dxe4 4. Nxe4 Bf5 5. Ng3 Bg6 6. h4 h6 7. Nf3 Nf6 8. Ne5
Bh7 9. Bd3 Bxd3 10. Qxd3 e6 11. Bd2 Nbd7 12. f4 Bd6 13. O-O-O Qc7 14. Ne4 Nxe4
15. Qxe4 Nf6 16. Qe2 O-O-O 17. g4 c5 18. dxc5 Bxc5 19. Kb1 Rhe8 20. g5 hxg5 21.
hxg5 Nd5 22. c4 Nb6 23. Rh7 Rg8 24. Rc1 Kb8 25. Ba5 Qe7 26. Nd3 Ka8 27. b3 Bd4
28. Qe4 Qd6 29. Bb4 Qc7 30. Re1 Nc8 31. g6 Bf6 32. gxf7 Qxf7 33. Ne5 Bxe5 34.
Qxe5 Qg6+ 35. Qe4 Qg3 36. Rhh1 Nd6 37. Qe5 Rge8 38. Bxd6 Qd3+ 39. Kc1 Qxd6 40.
Qxd6 Rxd6 41. Rh7 Rc8 42. Rg1 Rd7 43. Kb2 Rg8 44. Rg6 Rf8 45. Rxe6 Kb8 46. Re4
Rf5 47. Kc3 Kc7 48. Rh4 g5 49. fxg5 Rxg5 50. Kb4 Rf7 51. Rh3 Rg6 52. a4 Rb6+
53. Kc3 Rd6 54. a5 Rdd7 55. Kb4 b6 56. Re6 Rfe7 57. Rxe7 Rxe7 58. a6 Rg7 59.
Ka4 Kc6 60. b4 Kd6 61. Rh6+ Kc7 62. Rh8 Kd6 63. b5 Rc7 64. Kb4 Re7 65. Rd8+ 1-0

[Event "2FoglarVeterans_GM_A"]
[Site "?"]
[Date "2006.??.??"]
[Round "?"]
[White "Morais, Gustavo (POR)"]
[Black "Helbich, Jan (SVK)"]
[Result "1/2-1/2"]
[WhiteElo "2365"]
[BlackElo "2452"]
[PlyCount "95"]
[EventDate "2006.??.??"]
[EventType "corr"]

1. e4 c5 2. Nf3 d6 3. d4 cxd4 4. Nxd4 Nf6 5. Nc3 a6 6. Rg1 b5 7. g4 Bb7 8. Bg2
Nfd7 9. Be3 e6 10. g5 Nb6 11. Qh5 g6 12. Qh3 b4 13. Nce2 e5 14. Nb3 Nc4 15.
O-O-O h6 16. f4 Nd7 17. Kb1 Nxe3 18. Qxe3 hxg5 19. fxg5 Rxh2 20. Bh3 Qc7 21.
Rge1 Rc8 22. Rd2 a5 23. Qg3 Rxh3 24. Qxh3 a4 25. Nbc1 a3 26. Nd3 axb2 27. Nxb4
Qa5 28. Qb3 d5 29. c3 Nc5 30. Qxb2 Nxe4 31. Rd3 Be7 32. Ng3 Nc5 33. Rxd5 Bxd5
34. Nxd5 Nd7 35. Nb4 Rb8 36. a3 Bxg5 37. Rh1 f5 38. Qb3 Nf8 39. Rd1 Rd8 40. Rd5
Rxd5 41. Nxd5 Nd7 42. a4 Kf8 43. Qb4+ Qc5 44. a5 Ke8 45. Qb7 Qg1+ 46. Kb2 Qg2+
47. Kb1 Qxg3 48. Qc6 1/2-1/2

[Event "2FoglarVeterans_GM_A"]
[Site "?"]
[Date "2006.??.??"]
[Round "?"]
[White "Olsen, Svein (NOR)"]
[Black "Marusiak, Lech (POL)"]
[Result "1-0"]
[WhiteElo "2428"]
[BlackElo "2460"]
[PlyCount "111"]
[EventDate "2006.??.??"]
[EventType "corr"]

1. e4 c6 2. d4 d5 3. e5 Bf5 4. Nf3 e6 5. Be2 c5 6. Be3 cxd4 7. Nxd4 Ne7 8. Bg5
Qa5+ 9. Nc3 Bg6 10. Nb3 Qb6 11. O-O a6 12. Be3 Qc7 13. f4 Nf5 14. Bf2 Bb4 15.
g4 Nh6 16. Be1 Nc6 17. Bf3 O-O 18. Qe2 Rae8 19. Rd1 Be7 20. Bf2 Kh8 21. Na4 Na5
22. Nb6 Nxb3 23. cxb3 Bc5 24. Rc1 Bxf2+ 25. Qxf2 Qe7 26. Rfe1 Qb4 27. Nd7 Rg8
28. Qe3 Rc8 29. a3 Qb5 30. Nb6 Rxc1 31. Rxc1 Be4 32. Be2 Qe8 33. Rc8 Qe7 34.
Rxg8+ Kxg8 35. Nc8 Qc7 36. Qc3 Qxc3 37. bxc3 f6 38. exf6 gxf6 39. Nd6 f5 40. h3
Nf7 41. Nxe4 fxe4 42. Kf2 Nd6 43. Ke3 Nc8 44. c4 Ne7 45. cxd5 exd5 46. f5 Kf7
47. b4 h6 48. b5 axb5 49. Bxb5 Kf6 50. Kf4 Nc8 51. h4 Nd6 52. g5+ hxg5+ 53.
hxg5+ Ke7 54. Be2 b5 55. f6+ Ke6 56. Bh5 1-0